Statistics for Santa... or Satan?

Click here to take the quiz!

General Stats

  • This quiz has been taken 2,594 times
    (2,581 since last reset)
  • The average score is 10 of 15

Answer Stats

QuestionAnswer% Correct
Flies around with magical reindeerSanta
99%
Associated with the colour redBoth
96%
Has many namesBoth
91%
Used to be an angelSatan
91%
Has many assistantsBoth
84%
Played on film by Tim AllenSanta
76%
Proven to actually exist today (SPOILER ALERT!)Neither
70%
Based on a real personSanta
64%
Lives in AntarcticaNeither
60%
Played on film by Al PacinoSatan
60%
Mentioned in songs by Elvis PresleyBoth
57%
Punishes sinnersBoth
56%
Descends into a place where fires burnBoth
27%
Has been depicted as an enemy of JesusBoth
22%
Known as NickBoth
14%

Score Distribution

Percentile by Number Answered

Percent of People with Each Score

Your Score History

You have not taken this quiz since the last reset